| 000 | 00860cam a22002411 4500 | ||
|---|---|---|---|
| 001 | 42993 | ||
| 003 | BD-RjUL | ||
| 005 | 20211209053628.0 | ||
| 008 | 870924r19481844enk 000 0 eng | ||
| 035 | _a(BD-RjUL)43111 | ||
| 040 |
_aDLC _cOrPS _dBD-RjUL _beng |
||
| 041 | _aeng | ||
| 082 |
_a330 _223 _bMIE 1948 |
||
| 100 | 1 |
_aMill, John Stuart _d1806-1873. _9132027 |
|
| 245 | 1 | 0 |
_aEssays on some unsettled questions of political economy / _cBy John Stuart Mill |
| 260 |
_aLondon : _bReprinted by the London School of Economics and Political Science, _c1948. |
||
| 300 |
_avi, 164 p. _c23 cm. |
||
| 490 | 0 |
_aSeries of reprints of scarce works on political economy, _vno. 7 |
|
| 500 | _a"A photolithographic reproduction of the first edition of 1844." | ||
| 650 | 0 |
_aEconomics. _9132028 |
|
| 650 | 0 |
_aClassical school of economics. _9132029 |
|
| 942 |
_2ddc _cBK |
||
| 999 |
_c42993 _d42993 |
||